[Event "Loures"]
[Site "Loures"]
[Date "1997.10.24"]
[Round "4"]
[White "Leonardo, Joao"]
[Black "Glavina, Pablo"]
[Result "1-0"]
[WhiteElo "2320"]
[BlackElo "2395"]

1.e4 c5 2.Nf3 Nc6 3.Nc3 e6 4.d4 cxd4 5.Nxd4 Nf6 6.g3 Bc5 7.Nb3 Be7 8.Bg2 d6
9.O-O O-O 10.Kh1 a6 11.f4 Qc7 12.g4 b5 13.g5 Nd7 14.f5 Rd8 15.fxe6 fxe6 16.g6 h6
17.Bxh6 gxh6 18.Nd5 Qa7 19.Nxe7+ Nxe7 20.Qxd6 Nf8 21.Qxd8 Nxg6 22.Rf6 Qg7
23.Raf1 Bb7 24.Qd6 Nh4 25.Rxf8+ Rxf8 26.Rxf8+ Qxf8 27.Qg3+ Qg7 28.Qxh4 Qxb2
29.Qd8+ Kf7 30.Qd7+ Kf8 31.Qd6+ Kf7 32.Qf4+ Ke7 33.Qc7+ Kf6 34.e5+ Kg6 35.Bxb7 Qb1+
36.Kg2 Qe1 37.Bf3  1-0

[Event "BCF-chT 97/98 (4NCL)"]
[Site "GBR"]
[Date "1997.10.26"]
[Round "2"]
[White "Kenworthy, Gary"]
[Black "Sheldon, Ruth"]
[Result "1/2-1/2"]
[WhiteElo "2265"]
[BlackElo "2220"]

1.e4 c5 2.Nf3 e6 3.d4 cxd4 4.Nxd4 Nc6 5.Nc3 Qc7 6.g3 a6 7.Bg2 Nf6 8.O-O Nxd4
9.Qxd4 Bc5 10.Qd3 d6 11.Bf4 Ng4 12.Rad1 Ne5 13.Qe2 O-O 14.Be3 b5 15.h3 Bb7
16.Kh2 Rac8 17.f4 Bxe3 18.Qxe3 Nc4 19.Qc1 Nxb2 20.Qxb2 Qxc3 21.Qxc3 Rxc3
22.Rxd6 Rxc2 23.Kg1 Rfc8 24.Rfd1 Kf8 25.Rb6 R8c7 26.Rd8+ Ke7 27.Rb8 Bc8 28.e5 Rxa2
29.Bf1 Rc1 30.Ra8 Rc7 31.Rxb5 axb5 32.Rxa2 Bd7 33.Kf2 h6 34.Bd3 b4 35.Ke3 Bc6
36.Rb2 Rb7 37.Kd4 Kd7 38.Bc4 Ba4 39.Ra2 Bc6 40.Rb2 Ba4  1/2-1/2

[Event "RUS-Cup01 Chigorin mem"]
[Site "St Petersburg"]
[Date "1997.11.01"]
[Round "1"]
[White "Zaitsev, Igor A"]
[Black "Driamin, Dmitrij"]
[Result "1/2-1/2"]
[WhiteElo "2475"]
[BlackElo "2230"]

1.e4 c5 2.Nf3 e6 3.d4 cxd4 4.Nxd4 Nc6 5.Nc3 Qc7 6.g3 a6 7.Bg2 Nf6 8.O-O Be7
9.Re1 O-O 10.Nxc6 bxc6 11.e5 Nd5 12.Bd2 a5 13.Qh5 f5 14.Na4 Nb6 15.Nxb6 Qxb6
16.b3 a4 17.Qf3 Bb7 18.Qd3 Qc7 19.Rad1 axb3 20.axb3 c5 21.Bc3 Bxg2 22.Kxg2 Rfd8
23.Ra1 c4 24.bxc4 Rac8 25.Ba5 Qc6+ 26.Qf3 Re8 27.Qxc6 Rxc6 28.Red1 Rxc4 29.c3 Re4
30.Rxd7 Rxe5 31.Bb6 Rd5 32.Rxd5 exd5 33.Re1 Kf7 34.Re5 Bf6 35.Rxf5 Ke6 36.Rf3 Rc8
37.Bd4 Bxd4 38.cxd4 Rc4 39.Re3+ Kf6 40.Rd3 g5 41.g4 Kg6 42.Kg3 Rc1 43.Re3 Rg1+
44.Kf3 Rh1 45.Re6+ Kf7 46.Re5 Rxh2 47.Rxg5 Ke6 48.Re5+ Kd6 49.Re3 Rh1 50.Ke2 h5
51.gxh5 Rxh5 52.Ra3 Rh4 53.Ra6+ Ke7 54.Ke3 Re4+ 55.Kd3 Rf4 56.Ra2 Rf3+ 57.Ke2 Rb3
58.Rd2 Ke6 59.Rd3 Rb4 60.Re3+ Kd6 61.Kd3 Rb2 62.Rf3 Rb3+ 63.Ke2 Rb2+ 64.Ke3 Rb3+
65.Kf4 Rb4 66.Rd3 Ke6 67.Kg5 Rb8 68.Re3+ Kd6 69.f4 Rg8+ 70.Kf5 Rf8+ 71.Kg4 Rg8+
72.Kf3 Rg1 73.Re5 Rf1+ 74.Ke3 Re1+ 75.Kd2 Rf1 76.Rf5 Ke6 77.Rf8 Rf3 78.Ke2 Ra3  1/2-1/2

[Event "RUS-Cup01 Chigorin mem"]
[Site "St Petersburg"]
[Date "1997.11.03"]
[Round "3"]
[White "Belov, Vladimir"]
[Black "Yemelin, Vasily"]
[Result "1/2-1/2"]
[WhiteElo "2260"]
[BlackElo "2480"]

1.e4 c5 2.Nf3 e6 3.d4 cxd4 4.Nxd4 Nc6 5.Nc3 Qc7 6.Be3 Nf6 7.Bd3 a6 8.O-O Ne5
9.h3 Bc5 10.Kh1 d6 11.f4 Ned7 12.Qf3 b5 13.g4 b4 14.Nce2 d5 15.e5 Ne4 16.Ng3 Bxd4
17.Bxd4 Nd2 18.Qe3 Nxf1 19.Rxf1 Bb7 20.Kg1 O-O-O 21.c3 bxc3 22.Rc1 Nb8 23.Rxc3 Nc6
24.Ne2 Qa5 25.Qc1 Kd7 26.Rb3 Qc7 27.Bb6 Qb8 28.Bxd8 Rxd8 29.Qc5 Qc7 30.Ra3 Ra8
31.b4 f6 32.exf6 gxf6 33.Bxh7 Qd6 34.g5 fxg5 35.Qxd6+ Kxd6 36.fxg5 Ne7 37.b5 e5
38.bxa6 Rxa6 39.Rxa6+ Bxa6 40.Kf2 Ke6 41.h4 Bb5 42.h5 Be8 43.h6 Ng6 44.Ng3 e4
45.Nh5 Kf5 46.Ng7+ Kxg5 47.Nxe8 Nf4 48.Ke3 Ng2+ 49.Kd4 Kxh6 50.Bg8 e3 51.Kd3 d4
52.Bc4 Nf4+ 53.Kc2 d3+ 54.Bxd3 e2 55.Bxe2 Nxe2 56.a4 Nd4+ 57.Kc3 Nc6 58.Kc4 Kg6
59.Kc5 Na5 60.Kb5 Nb3 61.Kb4 Nd4 62.Kc4 Nc6 63.Kd5 Na5 64.Ke6 Nb3 65.Ke7 Kf5
66.Kd6 Ke4 67.Nc7 Kd4 68.Kc6 Kc4 69.Na6 Nd4+ 70.Kb6 Nb3 71.Kc7  1/2-1/2

[Event "RUS-Cup01 Chigorin mem"]
[Site "St Petersburg"]
[Date "1997.11.04"]
[Round "4"]
[White "Shovunov, Baatr"]
[Black "Osnos, Viatcheslav"]
[Result "1-0"]
[WhiteElo "2330"]
[BlackElo "2440"]

1.e4 c5 2.Nf3 e6 3.d4 cxd4 4.Nxd4 Nc6 5.Nc3 Qc7 6.Be2 a6 7.O-O Nf6 8.Kh1 Be7
9.f4 O-O 10.e5 Ne8 11.Nxc6 bxc6 12.Bf3 d5 13.Na4 a5 14.Be3 Ba6 15.Be2 Bxe2
16.Qxe2 c5 17.c4 d4 18.Bc1 f6 19.Qe4 Ra6 20.Bd2 g6 21.Rae1 Ng7 22.Rf3 Qd7
23.b3 f5 24.Qd3 Qc6 25.Rff1 h6 26.Qf3 Qxf3 27.Rxf3 Kf7 28.g3 g5 29.Kg2 g4
30.Rd3 h5 31.Rh1 Ke8 32.h3 Kd7 33.Bc1 Kc6 34.Ba3 Ra7 35.Kf1 h4 36.gxh4 Nh5
37.Bc1 Bxh4 38.hxg4 Ng3+ 39.Rxg3 Bxg3 40.g5 d3 41.Bd2 Rd7 42.Kg2 Bxf4 43.Bxf4 Rd4
44.Bd2 f4 45.Kf3 Rf5 46.Rg1 Rxe5 47.g6 Rd8 48.g7 Rg8 49.Bxf4 Rf5 50.Ke4 Rf7
51.Be5 d2 52.Ke3 Rf5 53.Bc3 Rg5 54.Rf1 Rf5 55.Rd1 e5 56.Ke4 Rf4+ 57.Ke3 Rf5
58.Rxd2 Rxg7 59.Rd5  1-0

[Event "RUS-Cup01 Chigorin mem"]
[Site "St Petersburg"]
[Date "1997.11.04"]
[Round "4"]
[White "Saltaev, Mihail"]
[Black "Razuvaev, Yuri S"]
[Result "1/2-1/2"]
[WhiteElo "2490"]
[BlackElo "2555"]

1.e4 c5 2.Nf3 Nc6 3.d4 cxd4 4.Nxd4 e6 5.Nc3 Qc7 6.Be3 a6 7.Bd3 b5 8.Nxc6 Qxc6
9.O-O Bb7 10.f3 Bc5  1/2-1/2

[Event "RUS-Cup01 Chigorin mem"]
[Site "St Petersburg"]
[Date "1997.11.05"]
[Round "5"]
[White "Lobzhanidze, Davit"]
[Black "Kochyev, Alexander"]
[Result "1/2-1/2"]
[WhiteElo "2515"]
[BlackElo "2430"]

1.e4 c5 2.Nf3 e6 3.d4 cxd4 4.Nxd4 Nc6 5.Nc3 Qc7 6.g3 a6 7.Bg2 Nf6 8.O-O d6
9.Re1 Bd7 10.a4 Be7 11.Nb3 b6 12.f4 O-O 13.Kh1 Rfd8 14.g4 Be8 15.g5 Nd7 16.Be3 Nc5
17.Nd4 Bf8 18.Qe2 Nxd4 19.Bxd4 Bc6 20.b4  1/2-1/2

[Event "RUS-Cup01 Chigorin mem"]
[Site "St Petersburg"]
[Date "1997.11.05"]
[Round "5"]
[White "Polyakov, Dmitriy"]
[Black "Driamin, Dmitrij"]
[Result "1-0"]
[WhiteElo "2160"]
[BlackElo "2230"]

1.e4 c5 2.Nf3 e6 3.d4 cxd4 4.Nxd4 Nc6 5.Nc3 Qc7 6.Be2 a6 7.f4 b5 8.Nxc6 Qxc6
9.Bf3 Bb7 10.Be3 Qc4 11.Qd4 Qxd4 12.Bxd4 Nf6 13.e5 Nd5 14.Nxd5 Bxd5 15.Bxd5 exd5
16.O-O-O Rc8 17.Rd3 Rg8 18.Be3 Bc5 19.Bxc5 Rxc5 20.Rhd1 Ke7 21.Rxd5 Rxd5
22.Rxd5 f6 23.exf6+ gxf6 24.g3 Ke6 25.Rh5 Rg7 26.Kd2 d5 27.Kd3 Rc7 28.c3 a5
29.Rh4 Kf5 30.Kd4 Ke6 31.f5+ Kxf5 32.Kxd5 Rd7+ 33.Kc5 Rd2 34.Kxb5 Rxb2+ 35.Kxa5 Rxa2+
36.Kb5 Rb2+ 37.Kc5 Rb7 38.c4 Ke5 39.Kc6 Rf7 40.c5 f5 41.Kb5 Rb7+ 42.Kc6 Rf7
43.Rc4 Rf6+ 44.Kb5 Rf8 45.c6 Kd6 46.Rd4+ Kc7 47.Rd7+ Kc8 48.Kb6 f4 49.Ra7  1-0

[Event "RUS-Cup01 Chigorin mem"]
[Site "St Petersburg"]
[Date "1997.11.06"]
[Round "6"]
[White "Loskutov, Oleg"]
[Black "Dorofeeva, Anna"]
[Result "1-0"]
[WhiteElo "2375"]
[BlackElo "2275"]

1.e4 c5 2.Nf3 e6 3.d4 cxd4 4.Nxd4 Nc6 5.Nc3 Qc7 6.Be2 Nf6 7.Be3 d6 8.O-O Be7
9.Ndb5 Qb8 10.f4 a6 11.Nd4 O-O 12.Qe1 Nxd4 13.Bxd4 e5 14.Be3 b5 15.Qg3 Kh8
16.fxe5 dxe5 17.Bg5 Bb7 18.Qh4 b4 19.Nd1 Bc5+ 20.Kh1 Nxe4 21.Be7 Bxe7 22.Qxe7 Ra7
23.Qh4 Qd6 24.Bd3 f5 25.Ne3 f4 26.Rad1 Qc6 27.Nc4 Nf6 28.Rf2 Qc5 29.Re1 e4
30.Be2 g5 31.Qh6 Qxf2 32.Qxf8+ Ng8 33.Qxb4 Bd5 34.Qc3+ Rg7 35.Ne5 Ne7 36.Ng4 Qh4
37.Nf6 f3 38.Ne8 Nf5 39.Nxg7 Nxg7 40.Qc8+ Bg8 41.g3 Qh6 42.Bc4 Ne6 43.Bxe6 Qxe6  1-0

[Event "RUS-Cup01 Chigorin mem"]
[Site "St Petersburg"]
[Date "1997.11.06"]
[Round "6"]
[White "Smikovski, I."]
[Black "Seeman, Tarvo"]
[Result "1/2-1/2"]
[WhiteElo "2490"]
[BlackElo "2395"]

1.e4 c5 2.Nf3 e6 3.d4 cxd4 4.Nxd4 Nc6 5.Nc3 d6 6.Be3 Nf6 7.f4 e5 8.Nf3 Ng4
9.Bd2 exf4 10.Bxf4 Be7 11.Bc4 O-O 12.Qd2 Be6 13.Bb3 Bxb3 14.axb3 Bf6 15.O-O Re8
16.Rae1 Bxc3 17.bxc3 Nf6 18.Qd3 Qb6+ 19.Be3 Qc7 20.Bd4 Ng4 21.Ng5 Nge5 22.Qg3 Rf8
23.Rf2 Qe7 24.Ref1 f6 25.Nh3 Ng6 26.Re1 a5 27.Qd3 a4 28.bxa4 Rxa4 29.Rff1 Qe6
30.Rb1 Rf7 31.Rfd1 Qc4 32.Qd2 Re7 33.Nf2 d5 34.exd5 Qxd5 35.Ng4 Nxd4 36.cxd4 Re4
37.Nf2 Rexd4 38.Qc3 h6 39.Rxd4 Rxd4 40.Qc8+ Kh7 41.Qxb7 Qc5 42.Rf1 Rd2 43.c3 Qxc3
44.Qe4 Qc5 45.Qf3 f5 46.Kh1 Qc4 47.Kg1 Nf4 48.Nh3 Ne2+ 49.Kh1 Nd4 50.Qf4 Qe2
51.Rg1 g5 52.Qc7+ Kg6 53.Qd8 Qe6 54.Qa5 Ra2 55.Qb4 Nc2 56.Qb1 Ne3 57.Re1 Qd5
58.Qxa2 Qxa2 59.Rxe3 Qa1+ 60.Ng1 g4 61.Rb3 h5 62.Rb6+ Kg5 63.Rb3 f4 64.Rb5+ Kg6
65.Rb3 Qf1 66.Ra3 h4 67.h3 f3 68.gxf3 g3 69.Ra2 Kf5 70.Re2  1/2-1/2

[Event "RUS-Cup01 Chigorin mem"]
[Site "St Petersburg"]
[Date "1997.11.08"]
[Round "8"]
[White "Kashtanov, Ruslan"]
[Black "Osnos, Viatcheslav"]
[Result "1/2-1/2"]
[WhiteElo "2250"]
[BlackElo "2440"]

1.e4 c5 2.Nc3 e6 3.Nge2 Nc6 4.d4 cxd4 5.Nxd4 a6 6.g3 d6 7.Bg2 Bd7 8.O-O Be7
9.Nxc6 Bxc6 10.Qg4 h5 11.Qe2 h4 12.Rd1 hxg3 13.hxg3 Qa5 14.Bf4 Rd8 15.Rd3 b5
16.a4 b4 17.Nb1 Nf6 18.c4 Qh5 19.Qxh5 Rxh5 20.Nd2 g5 21.Be3 Nd7 22.Bd4 g4
23.b3 Ne5 24.Re3 Bf6 25.Rd1 Nd7 26.Bxf6 Nxf6 27.Rd3 Ba8 28.Rd4 Ke7 29.c5 dxc5
30.Rxd8 Kxd8 31.f4 gxf3 32.Bxf3 Rh8 33.Kf2 Ke7 34.Rc1 Nd7 35.Ke3 Rh3 36.Kf2 Ne5
37.Be2 Rh2+ 38.Ke3 Rg2 39.Bxa6 Rxg3+ 40.Ke2 Rc3 41.Rh1 Nc6 42.Rh8 Nd4+ 43.Kd1 Bc6
44.Bc4 Rg3 45.Ke1 Rg1+ 46.Bf1 Rg3 47.Bc4 Rg2 48.Rh3 Rg8 49.Kf2 Bb7 50.Rh5 Rc8
51.Ke3 Rc7 52.Rh8 Rc8 53.Rh5 Kf6 54.Kf4 Kg6 55.Rg5+ Kh6 56.Rg3 f6 57.Rh3+ Kg7
58.Rg3+ Kf7 59.Rh3 Bc6 60.Rh5 Bd7 61.Rh7+ Ke8 62.Rh6 Ke7 63.Rh7+ Kd6 64.Ke3 Ra8
65.e5+ fxe5 66.Ne4+ Kc6 67.Bb5+ Nxb5 68.axb5+ Kxb5 69.Rxd7 c4 70.Rb7+ Kc6
71.Rxb4 cxb3 72.Rxb3 Rh8 73.Rc3+ Kd7 74.Nc5+ Kd6 75.Ne4+ Kd7  1/2-1/2

[Event "RUS-Cup01 Chigorin mem"]
[Site "St Petersburg"]
[Date "1997.11.08"]
[Round "8"]
[White "Yagupov, Igor"]
[Black "Kobalija, Mihail"]
[Result "1/2-1/2"]
[WhiteElo "2415"]
[BlackElo "2495"]

1.e4 c5 2.Nf3 e6 3.d4 cxd4 4.Nxd4 Nc6 5.Nc3 Qc7 6.g3 a6 7.Bg2 d6 8.O-O Be7
9.Be3 Nf6 10.f4 Bd7 11.Nxc6 Bxc6 12.a4 Rc8 13.a5 O-O 14.Bb6 Qb8 15.Qe2 Rfe8
16.Rfd1 Nd7 17.Bd4 e5 18.fxe5 dxe5 19.Be3 Bc5 20.Bh3 Rcd8 21.Bxd7 Bxe3+ 22.Qxe3 Bxd7
23.Nd5 Kh8 24.c4 f5 25.Rf1 fxe4 26.Rf7 Rf8 27.Raf1 Be6 28.Rxf8+ Rxf8 29.Qxe4 Rxf1+
30.Kxf1 Qd6 31.Ke2 Kg8 32.Ne3 Qb4 33.Qxe5 Bxc4+ 34.Kf3 Qf8+ 35.Qf4 Bf7 36.g4 h6
37.Kg3 Qe7 38.b4 Be8 39.h4 Bc6 40.Qd4 Kf7 41.Nf5 Qc7+ 42.Qf4 Qxf4+ 43.Kxf4 Bh1  1/2-1/2

[Event "RUS-Cup01 Chigorin mem"]
[Site "St Petersburg"]
[Date "1997.11.09"]
[Round "9"]
[White "Beshukov, Sergei"]
[Black "Saltaev, Mihail"]
[Result "1/2-1/2"]
[WhiteElo "2430"]
[BlackElo "2490"]

1.e4 c5 2.Nf3 e6 3.d4 cxd4 4.Nxd4 Nc6 5.Nc3 d6 6.Be2 Nf6 7.O-O Be7 8.Be3 O-O
9.f4 Bd7 10.Qe1 Nxd4 11.Bxd4 Bc6 12.Qg3  1/2-1/2

[Event "RUS-Cup01 Chigorin mem"]
[Site "St Petersburg"]
[Date "1997.11.09"]
[Round "9"]
[White "Guliev, Logman"]
[Black "Dorofeeva, Anna"]
[Result "1-0"]
[WhiteElo "2420"]
[BlackElo "2275"]

1.e4 c5 2.Nf3 e6 3.d4 cxd4 4.Nxd4 Nc6 5.Nc3 Qc7 6.g3 d6 7.Bg2 Nf6 8.O-O Be7
9.a4 O-O 10.Nb3 Bd7 11.g4 Rfd8 12.g5 Ne8 13.f4 Nb4 14.f5 d5 15.fxe6 Bxe6
16.exd5 Qb6+ 17.Rf2 Nc7 18.a5 Qa6 19.Bf1 b5 20.axb6 Qxb6 21.Na4 Qc6 22.c4 Nbxd5
23.cxd5 Bxd5 24.Nd4 Qg6 25.Qg4 Be4 26.Be3 Nd5 27.Nc6 Bd6 28.Bd2 Re8 29.h3 Rac8
30.Re1 Bc2 31.Bc4 Nf4 32.Rxf4 h5 33.gxh6 Qxg4+ 34.Rxg4 Bxa4 35.Bxf7+ Kxf7
36.Rxa4  1-0

[Event "CZE-chT 9798"]
[Site "CZE"]
[Date "1997.11.16"]
[Round "2"]
[White "Svatos, Jan"]
[Black "Plachetka, Jan"]
[Result "0-1"]
[WhiteElo "2355"]
[BlackElo "2425"]

1.e4 c5 2.Nf3 e6 3.Nc3 Nc6 4.d4 cxd4 5.Nxd4 d6 6.Be3 Nf6 7.Qd2 e5 8.Nb3 a6
9.f3 h6 10.Bc4 b5 11.Be2 Be6 12.a4 b4 13.Nd5 Bxd5 14.exd5 Ne7 15.Bc4 Qc8
16.Qd3 Ng6 17.Na5 e4 18.fxe4 Ne5 19.Qe2 Nxe4 20.O-O Be7 21.Nc6 Nxc6 22.dxc6 O-O
23.Bxh6 Qxc6 24.Qg4 Bg5 25.Bxg5 Qc5+ 26.Kh1 Qxc4 27.Qf5 Rae8 28.Rac1 Re5
29.Qf4 Rxg5 30.b3 Qe2  0-1

[Event "Bayern-chI Bank Hofmann"]
[Site "Bad Wiessee"]
[Date "1997.11.19"]
[Round "5"]
[White "Kaminski, Marcin"]
[Black "Kunz, Konstantin"]
[Result "1-0"]
[WhiteElo "2540"]
[BlackElo "2260"]

1.e4 c5 2.Nf3 e6 3.d4 cxd4 4.Nxd4 Nc6 5.Nc3 d6 6.f4 Nge7 7.Be3 Nxd4 8.Qxd4 Nc6
9.Qd2 a6 10.O-O-O b5 11.g4 Be7 12.g5 Bd7 13.h4 Rc8 14.Kb1 Na5 15.Qd4 O-O
16.h5 e5 17.Qd2 exf4 18.Bxf4 Be6 19.h6 g6 20.Bh3 Nc6 21.Nd5 Bxh3 22.Rxh3 Ne5
23.a3 Rc6 24.Rhh1 Nf3 25.Qe3 Ne5 26.Rhf1 Qe8 27.Qd4 Bd8 28.Nb4 Rb6 29.Be3 Qe6
30.Qd5 Qxd5 31.Rxd5 Rb7 32.Nxa6 Nc4 33.Bc1 Re8 34.b3 Nb6 35.Rxd6 Nc8 36.Rd5 Re6
37.Nc5 Re8 38.Nxb7  1-0

[Event "Bayern-chI Bank Hofmann"]
[Site "Bad Wiessee"]
[Date "1997.11.23"]
[Round "9"]
[White "Jaeger, Ganja"]
[Black "Kunz, Konstantin"]
[Result "1-0"]
[WhiteElo "2195"]
[BlackElo "2260"]

1.e4 c5 2.Nf3 e6 3.d4 cxd4 4.Nxd4 Nc6 5.Nc3 d6 6.Be3 Nf6 7.Be2 Be7 8.Qd2 a6
9.f4 Qc7 10.Bf3 Rb8 11.a4 O-O 12.O-O Nd7 13.Nb3 b6 14.Rad1 Na5 15.Nxa5 bxa5
16.b3 Rd8 17.Bd4 Bb7 18.Ne2 Nc5 19.Bc3 Nxe4 20.Bxe4 Bxe4 21.Ng3 Qc5+ 22.Kh1 Bg6
23.Bxa5 Rdc8 24.Rc1 Rc6 25.b4 Qc4 26.f5 exf5 27.Nxf5 Bf8 28.Ne3 Qa2 29.Ra1 Qb2
30.Rab1 Qe5 31.Rbe1 Qg5 32.c4 Re8 33.b5 Rc5 34.Bb6 Rce5 35.Qf2 f6 36.Nd5 Bd3
37.Rxe5 Qxe5 38.Rc1 axb5 39.axb5 Bxc4 40.Nc7 Re7 41.Bd4 Qe4 42.b6 Bd5 43.Nxd5 Qxd5
44.h3 Re4 45.Be3 Qb3 46.Bd4 d5 47.Qf5 h5 48.Bg1 h4 49.Rc8 Re1 50.Qf2 Rb1
51.Qc5 Rxg1+ 52.Kxg1 Kh7 53.Rxf8 Qd1+ 54.Kh2 Qe1 55.Qg1 Qe5+ 56.Kh1 Qd6 57.Qb1+ Kh6
58.Rh8+ Kg5 59.b7  1-0

[Event "BCF-chT 97/98 (4NCL)"]
[Site "GBR"]
[Date "1997.11.23"]
[Round "4"]
[White "Nunn, John DM"]
[Black "Crouch, Colin S"]
[Result "1-0"]
[WhiteElo "2610"]
[BlackElo "2410"]

1.e4 c5 2.Nf3 e6 3.d4 cxd4 4.Nxd4 Nc6 5.Nc3 Qc7 6.f4 a6 7.Be2 d6 8.Be3 Nf6
9.Qd2 Bd7 10.O-O-O b5 11.Bf3 Rc8 12.Nb3 b4 13.Na4 Rb8 14.e5 Na5 15.exd6 Nxb3+
16.axb3 Qa5 17.Ba7 Rb5 18.Rhe1 h5 19.Qd4 Rf5 20.Re5 Rxe5 21.fxe5 Ng4 22.Qe4 f5
23.exf6 Qg5+ 24.Kb1 gxf6 25.Nc5 f5 26.Qb7  1-0

[Event "GER-ch"]
[Site "Gladenbach"]
[Date "1997.11.25"]
[Round "9"]
[White "Mueller, Karsten"]
[Black "Luther, Thomas"]
[Result "1-0"]
[WhiteElo "2505"]
[BlackElo "2525"]

1.e4 c5 2.Nf3 Nc6 3.d4 cxd4 4.Nxd4 e6 5.Nc3 Qc7 6.Be2 a6 7.O-O Nf6 8.Be3 Bb4
9.Nxc6 bxc6 10.f4 d5 11.e5 Nd7 12.Na4 c5 13.c3 Ba5 14.Rc1 c4 15.b4 Bb6 16.Nxb6 Nxb6
17.Qd4 Na4 18.Rc2 Bd7 19.Bd1 g6 20.g4 O-O-O 21.Rcf2 Bb5 22.Kh1 Rhe8 23.Bf3 Qd7
24.Rd2 Qc7 25.Bg2 Bc6 26.Rf3 Rh8 27.Rh3 h5 28.gxh5 gxh5 29.Bf2 Rdg8 30.Bf3 Rh6
31.Rc2 f6 32.exf6 Qh7 33.Re2 Qb1+ 34.Re1 Qf5 35.Rg3 Rxg3 36.hxg3 Rxf6 37.Kg2 h4
38.Re5 Qd3 39.Rh5 Rf8 40.Qe5 Re8 41.Rxh4 Nxc3 42.Qd6 Kb7 43.Qc5 Kc7 44.Qb6+ Kd7
45.Qa7+ Kc8 46.Rh7  1-0

[Event "Elgoibar"]
[Site "Elgoibar"]
[Date "1997.11.27"]
[Round "2"]
[White "Sion Castro, Marcelino"]
[Black "Franco Ocampo, Zenon"]
[Result "1/2-1/2"]
[WhiteElo "2435"]
[BlackElo "2480"]

1.e4 c5 2.Nf3 e6 3.d4 cxd4 4.Nxd4 Nc6 5.Nc3 a6 6.Be2 Qc7 7.O-O b5 8.Nxc6 Qxc6
9.Bf3 Bb7 10.e5 Qc7 11.Bxb7 Qxb7 12.Re1 Qc7 13.Bf4 Rc8 14.Ne4 f5 15.exf6 Qxf4
16.g3 Qc7 17.Nd6+ Kd8 18.Nf7+ Ke8 19.Nd6+ Kd8 20.Nf7+ Ke8 21.Nd6+  1/2-1/2

[Event "Elgoibar"]
[Site "Elgoibar"]
[Date "1997.12.01"]
[Round "6"]
[White "Romero Holmes, Alfonso"]
[Black "Franco Ocampo, Zenon"]
[Result "0-1"]
[WhiteElo "2465"]
[BlackElo "2480"]

1.e4 c5 2.Nc3 Nc6 3.Nf3 e6 4.d4 cxd4 5.Nxd4 Qc7 6.g3 a6 7.Bg2 Nge7 8.O-O Nxd4
9.Qxd4 Nc6 10.Qd2 Be7 11.b3 O-O 12.Bb2 d6 13.Nd1 b5 14.Qc3 f6 15.Ne3 Qb6
16.Kh1 Bd7 17.f4 Rac8 18.Qd2 Kh8 19.Qd1 Rfe8 20.Qe2 Bf8 21.e5 fxe5 22.fxe5 d5
23.Rf7 Re7 24.Raf1 Rxf7 25.Rxf7 Ne7 26.Ng4 Kg8 27.Rf1 Nf5 28.Nf6+ gxf6 29.exf6 d4
30.g4 Nd6 31.g5 Be8 32.Qxe6+ Bf7 33.Qg4 Qc5 34.Bxd4 Qxc2 35.Be5 Re8 36.Qf4 Qd3
37.Qd4 Qxd4 38.Bxd4 Re2 39.Bc5 Rxa2 40.Rd1 Bxb3 41.Bxd6 Bxd6 42.Rxd6 Ra1+
43.Bf1 Rxf1+ 44.Kg2 Rd1 45.Rb6 Rd7 46.h4 Rb7 47.Rxa6 b4  0-1

[Event "AUT-chT3 9798"]
[Site "Vorarlberg "]
[Date "1997.12.05"]
[Round "5"]
[White "Schmid, Sandro"]
[Black "Haemmerle, Gernot"]
[Result "1-0"]
[WhiteElo "1989"]
[BlackElo "1871"]

1.e4 c5 2.Nc3 e6 3.Nf3 Nc6 4.d4 cxd4 5.Nxd4 Nf6 6.Be3 Bb4 7.Nxc6 bxc6 8.e5 Nd5
9.Bd2 Nxc3 10.bxc3 Bc5 11.Bd3 Qh4 12.O-O d5 13.exd6 Bxd6 14.g3 Qh3 15.Be3 Be7
16.Be4 O-O 17.Qf3 Ba6 18.Rfd1 Rad8 19.Bxa7 f5 20.Bxc6 e5 21.Rxd8 Rxd8 22.Rd1 e4
23.Rxd8+ Bxd8 24.Qd1 Bg5 25.Qd5+ Kh8 26.Bb5  1-0

[Event "Oberliga Wuert9798"]
[Site "Wuerttemberg"]
[Date "1997.12.21"]
[Round "5"]
[White "Englmeier, Heinz"]
[Black "Bauer, Peter"]
[Result "1/2-1/2"]
[WhiteElo "2185"]
[BlackElo "2255"]

1.e4 c5 2.Nf3 Nc6 3.Nc3 e6 4.d4 cxd4 5.Nxd4 Nf6 6.Be2 Bb4 7.f3 d5 8.Nxc6 bxc6
9.Bd2 O-O 10.O-O dxe4 11.Kh1 exf3 12.Rxf3 e5 13.a3 Be7 14.Rg3 Bf5 15.Bc4 Qd4
16.Qe2 Bg4 17.Qd3 Nh5 18.Re3 Bg5 19.Re4 Qxd3 20.cxd3 Bxd2 21.Rxg4 Nf6 22.Rg3 Rab8
23.Na4 Nd5 24.Rd1 Bf4 25.Rf3 Ne3 26.Re1 Nxc4 27.dxc4 f6 28.Rd3 Rfd8 29.Red1 Rxd3
30.Rxd3 Rb7 31.g3 Bc1 32.Rd1 Be3 33.Rd8+ Kf7 34.Rc8 c5 35.Kg2 Bd4 36.Kf3 f5
37.Nxc5 Bxc5 38.Rxc5 Rb3+ 39.Ke2 Rxb2+ 40.Kd3 Rb3+ 41.Kc2 Rxa3 42.Rxe5 Kf6
43.Re1 Ra2+ 44.Kb3 Rxh2 45.c5 Rd2 46.c6 Rd8 47.Kc4 h5 48.Kc5 g5 49.c7 Rc8
50.Kc6 f4 51.gxf4 gxf4 52.Kd7 Rxc7+ 53.Kxc7 Kf5 54.Kd6 f3 55.Kd5 Kf4 56.Re8 f2
57.Rf8+ Ke3 58.Re8+ Kf3 59.Rf8+ Kg2 60.Rg8+ Kh2 61.Rf8 Kg2 62.Rg8+ Kf3 63.Rf8+ Ke2
64.Re8+ Kf1 65.Rh8 h4 66.Rxh4 Kg2  1/2-1/2

[Event "Ambasador op"]
[Site "Bern"]
[Date "1997.12.??"]
[Round "4"]
[White "Ecabert, Yves"]
[Black "Kaenel, Hansjuerg"]
[Result "0-1"]
[WhiteElo "1973"]
[BlackElo "2383"]

1.e4 c5 2.Nf3 e6 3.d4 cxd4 4.Nxd4 Nc6 5.Nc3 Qc7 6.Be3 a6 7.Qd2 Nf6 8.Be2 Bb4
9.f3 d5 10.Bd3 Nxd4  0-1

[Event "Ambasador op"]
[Site "Bern"]
[Date "1997.12.??"]
[Round "6"]
[White "Kamber, Bruno"]
[Black "Kaenel, Hansjuerg"]
[Result "1/2-1/2"]
[WhiteElo "2336"]
[BlackElo "2383"]

1.e4 c5 2.Nf3 e6 3.d4 cxd4 4.Nxd4 Nc6 5.Nc3 Qc7 6.Be3 a6 7.Be2 Nf6 8.O-O Bb4
9.Na4 O-O 10.Nxc6 bxc6 11.Nb6 Rb8 12.Nxc8 Rfxc8 13.Bxa6 Rf8 14.Bd3 Bd6 15.Kh1 Be5
16.c3 Rxb2 17.Bc5 Ra8 18.Qc1 Qb8 19.f4 Bc7 20.e5 Ne8 21.a4 Rb7 22.Qe1 g6
23.Rf3 d6 24.exd6 Bxd6 25.Be3 Nf6 26.Qh4 Be7 27.Bd4 Nh5 28.Qf2 Ra5 29.Be4 Rb2
30.Qe1 c5 31.c4 cxd4 32.Qxa5 f5 33.Bc6 Nxf4 34.Qe1 Kf7 35.Qf1 Nxg2 36.Rh3 Ne3
37.Rxh7+ Kf6 38.Qe1 g5 39.a5 Bd6 40.a6 Rxh2+ 41.Rxh2 Bxh2 42.a7 Qh8 43.Qe2 Bb8+
44.Kg1 Bxa7 45.Rxa7 Qb8 46.Ra1 Qg3+ 47.Bg2 d3 48.Qf2 Qe5 49.Re1 f4 50.Bf1 Ng4
51.Rxe5 Nxf2 52.Rxe6+ Kxe6 53.Kxf2 d2 54.Ke2 Ke5 55.Kxd2 Kd4 56.Be2 f3  1/2-1/2

[Event "Ambasador op"]
[Site "Bern"]
[Date "1997.12.??"]
[Round "6"]
[White "Haener, Philipp"]
[Black "Rufener, Markus"]
[Result "1/2-1/2"]
[WhiteElo "1968"]
[BlackElo "2193"]

1.d4 c5 2.e4 cxd4 3.Nf3 Nc6 4.Nxd4 e6 5.Nc3 a6 6.g3 Qc7 7.Be3 Nf6 8.Bg2 Bb4
9.O-O Bxc3 10.bxc3 Na5 11.Nb3 Nc4 12.Bc5 e5 13.Qe2 b5 14.a4 Bb7 15.axb5 axb5
16.Rxa8+ Bxa8 17.f4 d6 18.fxe5 dxe5 19.Rd1 h5 20.h3 Rh6 21.Ra1 Bb7 22.Ra7 Nd7
23.Bb4 Qb6+ 24.Qf2 Qxf2+ 25.Kxf2 Bc6 26.h4 Rf6+ 27.Ke2 Rg6 28.Bh3 Kd8 29.Na5 Nxa5
30.Bxa5+ Ke7 31.Bb4+ Kd8 32.Ba5+ Ke7 33.Bb4+  1/2-1/2

[Event "AUT-ch"]
[Site "Moesern"]
[Date "1997.??.09"]
[Round "10"]
[White "Brestian, Egon"]
[Black "Sommerbauer, Norbert"]
[Result "1/2-1/2"]
[WhiteElo "2440"]
[BlackElo "2395"]

1.e4 c5 2.Nf3 e6 3.d4 cxd4 4.Nxd4 Nc6 5.Nc3 Qc7 6.g3 a6 7.Bg2 d6 8.O-O Bd7
9.Nxc6 Bxc6 10.Re1 Be7 11.Ne2 Nf6 12.Nd4 Bd7 13.a4 O-O 14.c3 Rfd8 15.Qe2 Rac8
16.Bd2 Be8 17.f4  1/2-1/2

[Event "Viking op"]
[Site "Aaland-Stockholm"]
[Date "1997.??.??"]
[Round "?"]
[White "Stefansson, Hannes"]
[Black "Hjartarson, Johann"]
[Result "1/2-1/2"]
[WhiteElo "2545"]
[BlackElo "2605"]

1.e4 c5 2.Nf3 e6 3.d4 cxd4 4.Nxd4 Nc6 5.Nc3 Qc7 6.Be2 a6 7.O-O Nf6 8.Be3 Be7
9.f4 d6 10.a4 O-O 11.Kh1 Re8 12.Bf3 Rb8 13.Qd2 Na5 14.Qf2 Nc4 15.Bc1 e5  1/2-1/2

[Event "Viking op"]
[Site "Aaland-Stockholm"]
[Date "1997.??.??"]
[Round "?"]
[White "Kupreichik, Viktor D"]
[Black "Razuvaev, Yuri S"]
[Result "1/2-1/2"]
[WhiteElo "2500"]
[BlackElo "2555"]

1.e4 c5 2.Nf3 e6 3.Nc3 Nc6 4.d4 cxd4 5.Nxd4 Qc7 6.g3 d6 7.Ndb5 Qb8 8.Bf4 Ne5
9.Be3 Nf6 10.f4 Nc6 11.Bg2 Be7 12.Qe2 O-O 13.O-O-O a6 14.Nd4 Nxd4 15.Bxd4 e5
16.Bb6 Bg4 17.Bf3 Bxf3 18.Qxf3 Qc8 19.f5 Qc6 20.Be3 Rfc8 21.Bg5 d5 22.Bxf6 dxe4
23.Qg2 Bxf6 24.Nxe4 Bg5+ 25.Kb1 Rd8 26.Qe2 Be7 27.g4 h6 28.a3 b5 29.Nc3 Bxa3
30.Qxe5 Re8 31.Qd5 Rac8 32.Qxc6 Rxc6 33.Nxb5 Bxb2 34.Kxb2 axb5 35.Rhe1 Rec8
36.Re2 Rc4 37.h3 Rb4+ 38.Kc1 Rb3 39.h4 b4 40.Rd4 Rh3 41.Rxb4 h5 42.gxh5  1/2-1/2

[Event "Viking op"]
[Site "Aaland-Stockholm"]
[Date "1997.??.??"]
[Round "?"]
[White "Hector, Jonny"]
[Black "Razuvaev, Yuri S"]
[Result "1/2-1/2"]
[WhiteElo "2470"]
[BlackElo "2555"]

1.e4 c5 2.Nf3 e6 3.d4 cxd4 4.Nxd4 Nc6 5.Nc3 Qc7 6.Be3 a6 7.Bd3 b5 8.Nxc6 Qxc6
9.O-O Bb7 10.Re1 Nf6 11.a3 Be7 12.Qf3 Qc7 13.Bd4 Rc8 14.Rad1 O-O 15.Qh3 g6
16.e5 Nh5 17.Qe3 f5 18.f4 Qc6 19.Re2 Rf7 20.Rf2 Bh4 21.Rfd2 g5 22.Bf1 Rg7
23.Ba7 gxf4 24.Qh3 Rg4 25.Rd6 Qf3 26.R6d3 Qxh3 27.Rxh3 Bc6 28.Bf2 Bxf2+ 29.Kxf2 Ng7
30.Ne2 Rc7 31.Rc3 Ne8 32.h3 Rg5 33.Nxf4 Kf8 34.Rd4 Ke7 35.Nd3 Be4 36.Nc5 Bd5
37.Nxa6 Rxc3 38.bxc3 d6 39.Nb4 Be4 40.exd6+ Nxd6 41.Nd3  1/2-1/2